The Uruguay Round and the Arab countries : papers presented at a seminar held in Kuwait, January 17-18, 1995 (Record no. 61097)

MARC details
000 -LEADER
fixed length control field 00737nam a2200169 a 4500
008 - FIXED-LENGTH DATA ELEMENTS--GENERAL INFORMATION
fixed length control field 060424s1996 ||||||||||||||||| || u
020 ## - INTERNATIONAL STANDARD BOOK NUMBER
International Standard Book Number 1557754977
050 ## - LIBRARY OF CONGRESS CALL NUMBER
Classification number IMF (02)
100 ## - MAIN ENTRY--PERSONAL NAME
Personal name El-Naggar, Said
245 14 - TITLE STATEMENT
Title The Uruguay Round and the Arab countries : papers presented at a seminar held in Kuwait, January 17-18, 1995
Statement of responsibility, etc. edited by Said El-Naggar
260 ## - PUBLICATION, DISTRIBUTION, ETC.
Place of publication, distribution, etc. Washington, D.C.:
Name of publisher, distributor, etc. International Monetary Fund
Date of publication, distribution, etc. 1996
300 ## - PHYSICAL DESCRIPTION
Extent x, 197 p. : ill.
350 ## - PRICE (NR) (BK AM CF MU VM SE) [OBSOLETE]
Price 0.00
650 ## - SUBJECT ADDED ENTRY--TOPICAL TERM
Topical term or geographic name entry element URUGUAY ROUND (1987-1994) - CONGRESSES
650 ## - SUBJECT ADDED ENTRY--TOPICAL TERM
Topical term or geographic name entry element ARAB COUNTRIES - COMMERCIAL POLICY - CONGRESSES
995 ## - RECOMMENDATION 995 [LOCAL, UNIMARC FRANCE]
-- 0.00
-- CBU-MAIN LIBRARY (Kitwe)
-- 1
-- 0.00
-- 1
-- AVAILABLE
-- International Publications
Holdings
Withdrawn status Lost status Source of classification or shelving scheme Damaged status Not for loan Home library Current library Shelving location Date acquired Total Checkouts Full call number Barcode Date last seen Price effective from Koha item type
          CBU-MAIN LIBRARY, KITWE. CBU-MAIN LIBRARY, KITWE.   11/30/2022   IMF (02) 019451 11/30/2022 11/30/2022 MONOGRAPH